Twilight Geek Test Quiz Stats

 Plays Quiz not verified by Sporcle

Challenge
Share
Tweet
Embed
Score 0/40 Timer 10:00
0 Plays Today
Clue % Correct
Main character's name is...Bella
100%
Who gets described as two drifting, waifish black-cloaked figures by....Bella
100%
When she really loves...Edward
99.4%
Who has killed more humans than all of the other Cullen's except....Edward
99.4%
Who disaproves of...Edward
99.4%
Who gets given a truck by...Charlie
98.4%
Because she divorced...Charlie
98.4%
Who's son is...Jacob
98.4%
Who nearly kills Bella while she inspects snow chains put on by....Charlie
98.4%
Who's married to...Alice
96.8%
Who's twin is...Jasper
96.5%
Who helps kill James along with...Jasper
96.5%
Who is married to...Rosalie
95.5%
Who's best friend is...Emmett
94.9%
Which is the same beed that nearly killed...Emmett
94.9%
Who thinks she is sneaking to the dance with...Mike
92.3%
Who is fancied by Eric, Tyler and...Mike
92.3%
Who is best friends with...Billy
91.6%
Who is married to...Esme
91%
Who's nonbiological grandfather is...Carlisle
90.7%
Clue % Correct
Who imprints on...Renesmee
89.7%
The final member of their coven is...Victoria
88.4%
Who has to suck venom out of Bella when ___ bites her..James
87.5%
In revenge for ___'s death.James
87.5%
Who had a vision of ___ living room.Renee
86.5%
Who attends the wedding with...Jessica
85.5%
Who's sister is...Leah
84.9%
Who ditches Bella for...Lauren
84.2%
But Riley gets killed by...Seth
84.2%
Who is I love with...Sam
83.6%
Who fancies...Tyler
83.3%
Who makes an army along with...Riley
83.3%
Who imprinted on...Emily
82.6%
Who is married to...Phil
82.3%
Who is the real leader of their coven not...Laurent
81.7%
Who tries to get Marcus, Aro and ___ to kill him.Caius
79.7%
Who tells the town she got mauled by a...Bear
78.5%
Who's full, maiden name is...Isabella
76.5%
Who is partners with...Athenodora
46.9%
Who gets described as 'The Wife's' along with...Sulpicia
45%

You're not logged in!

Compare scores with friends on all Sporcle quizzes.
Join for Free
OR
Log In

You Might Also Like...

Show Comments

Extras

Created Dec 23, 2011ReportFavoriteNominate
Tags:Twilight

Top Quizzes Today


Score Distribution

Your Account Isn't Verified!

In order to create a playlist on Sporcle, you need to verify the email address you used during registration. Go to your Sporcle Settings to finish the process.

Report this User

Report this user for behavior that violates our Community Guidelines.

Details: